Novels by Characters - Statistics

General Stats
  • This quiz has been taken 1,855 times
    1,841 since last reset
  • The average score is 9 of 15
Answer Stats
Characters Answer % Correct
The White Rabbit, The Queen of Hearts, The Cheshire Cat, The Hatter Alice's Adventures in Wonderland
93%
Dr Watson, Moriarty, Irene Adler, Inspector Lestrade The Adventures of Sherlock Holmes
89%
Bilbo, Gandalf, Smaug, Thorin The Hobbit
88%
Huckleberry Finn, Becky Thatcher, Aunt Polly, Joe Harper The Adventures of Tom Sawyer
74%
d'Artagnan, Athos, Porthos, Aramis The Three Musketeers
72%
Jim Hawkins, Long John Silver, Billy Bones, Dr Livesey Treasure Island
71%
Pip, Miss Havisham, Estella, Magwitch Great Expectations
68%
Oberon, Titania, Hermia, Puck A Midsummer Night's Dream
66%
Van Helsing, Renfield, Mina and Jonathon Harker Dracula
65%
Napoleon, Snowball, Old Major, Mr Jones Animal Farm
63%
Odysseus, Achilles, Helen, Paris The Iliad
63%
George, Lenny, Curley, Crooks Of Mice and Men
53%
Nick, Tom and Daisy, Jordan, Myrtle The Great Gatsby
53%
Lord Henry Wotton, Basil Hallward, James Vane, Sybil Vane The Picture of Dorian Gray
13%
Cephalus, Glaucon, Polermarchus, Socrates The Republic
6%
No matching quizzes found
Score Distribution
Percent of People with Each Score
Percentile by Number Answered
Your Score History
You have not taken this quiz since the last reset